Database management systems (Record no. 488)

000 -LEADER
fixed length control field 00537nam a22002177a 4500
001 - CONTROL NUMBER
control field 488
003 - CONTROL NUMBER IDENTIFIER
control field BD-DhUET
008 - FIXED-LENGTH DATA ELEMENTS--GENERAL INFORMATION
fixed length control field 140722b xxu||||| |||| 00| 0 eng d
020 ## - INTERNATIONAL STANDARD BOOK NUMBER
International Standard Book Number 0072465638
040 ## - CATALOGING SOURCE
Transcribing agency 0
Modifying agency BD-DhUET
082 ## - DEWEY DECIMAL CLASSIFICATION NUMBER
Classification number 005.74
Item number RAM/2003
100 ## - MAIN ENTRY--PERSONAL NAME
Personal name Ramakrishnan, Raghu
245 ## - TITLE STATEMENT
Title Database management systems
250 ## - EDITION STATEMENT
Edition statement 3rd ed.
260 ## - PUBLICATION, DISTRIBUTION, ETC. (IMPRINT)
Place of publication, distribution, etc. Boston
Name of publisher, distributor, etc. McGraw-Hill
Date of publication, distribution, etc. 2003
300 ## - PHYSICAL DESCRIPTION
Extent xxxii,1065p.
504 ## - BIBLIOGRAPHY, ETC. NOTE
Bibliography, etc Includes bibliographies
650 #0 - SUBJECT ADDED ENTRY--TOPICAL TERM
Topical term or geographic name as entry element Database management
700 ## - ADDED ENTRY--PERSONAL NAME
Personal name Gehrke, Jahannes
942 ## - ADDED ENTRY ELEMENTS (KOHA)
Koha item type General Book
Holdings
Koha date last seen Koha normalized classification for sorting Sublocation or collection (holding branch) Date acquired Withdrawn status Not for loan Piece designation (barcode) Copy number Damaged status Shelving location Koha item type Source of classification or shelving scheme Price effective from Location (home branch) Lost status Koha full call number
2014-07-22005_740000000000000_RAM_2003Central Library, BUET2014-07-22  1106191 Circulation sectionGeneral Book 2014-07-22Central Library, BUET 005.74/RAM/2003
2014-10-20005_740000000000000_RAM_2003Central Library, BUET2014-10-20  1071322 Circulation sectionGeneral Book 2014-10-20Central Library, BUET 005.74/RAM/2003
2015-06-06005_740000000000000_RAM_2003Central Library, BUET2015-06-06  1025533 Reading sectionReading Item 2015-06-06Central Library, BUET 005.74/RAM/2003
2015-06-09005_740000000000000_RAM_2003Central Library, BUET2015-06-09  1021714 Reading sectionReading Item 2015-06-09Central Library, BUET 005.74/RAM/2003
2017-03-22005_740000000000000_RAM_2003Central Library, BUET2009-05-16  1071315 Circulation sectionGeneral Book 2017-03-22Central Library, BUET 005.74/RAM/2003